00244nam a2200085Ia 4500008004100000100001700041245004900058260004200107260000900149170620s9999 xx 000 0 und d aDevi- D. Uma 0aEnvironmental Education for Rural Population bNew Delhi- Discovery Publishing House c2007